[Event "Reykjavik Open 2013"]
[Site "Reykjavik ISL"]
[Date "2013.02.26"]
[Round "9.21"]
[White "Bekker-Jensen, Simon"]
[Black "Socko, Bartosz"]
[Result "1/2-1/2"]
[WhiteTitle "IM"]
[BlackTitle "GM"]
[WhiteElo "2405"]
[BlackElo "2643"]
[WhiteFideId "1403613"]
[BlackFideId "1107038"]
[EventDate "2013.02.19"]

1. d4 d6 2. e4 Nf6 3. f3 g6 4. c4 Bg7 5. Nc3 O-O 6. Be3 a6 7. Nge2 c6 8. c5 Nbd7
9. cxd6 exd6 10. Nf4 Re8 11. Be2 Nf8 12. O-O g5 13. Nd3 h6 14. Qd2 Ng6 15. Rae1
b6 16. f4 gxf4 17. Nxf4 Kh7 18. Nh5 Nxh5 19. Bxh5 Ra7 20. Qf2 c5 21. Qg3 Be6 22.
d5 Be5 23. Bxg6+ fxg6 24. Bf4 Bg8 25. Qh3 Bg7 26. Qg3 Rd7 27. a4 g5 28. Bd2 Rf7
29. Qd3 Bd4+ 30. Kh1 Be5 31. Qxa6 Ref8 32. Rxf7+ Bxf7 33. Rf1 Bg6 34. Qe2 Kg7
35. Rxf8 Qxf8 36. Qf3 Qf6 37. h3 Bd4 38. Be1 Be5 39. Bd2 h5 40. Kg1 Bd4+ 41. Kf1
Qe7 42. Qg3 Bf6 43. Qf3 Qe5 44. Ke2 Kf7 45. Nb5 Ke7 46. Bc3 Qxe4+ 47. Qxe4+ Bxe4
48. Nxd6 Kxd6 49. Bxf6 Bxg2 50. Bxg5 Bxd5 51. Kd3 Bb3 52. Kc3 Bxa4 53. b4 Bd7
54. bxc5+ Kxc5 55. h4 b5 1/2-1/2

[Event "Reykjavik Open 2013"]
[Site "Reykjavik ISL"]
[Date "2013.02.26"]
[Round "9.22"]
[White "Baklan, Vladimir"]
[Black "Arngrimsson, Dagur"]
[Result "1-0"]
[WhiteTitle "GM"]
[BlackTitle "IM"]
[WhiteElo "2609"]
[BlackElo "2375"]
[WhiteFideId "14102196"]
[BlackFideId "2301288"]
[EventDate "2013.02.19"]

1. e4 c5 2. Nf3 d6 3. d4 cxd4 4. Nxd4 Nf6 5. Nc3 g6 6. Be2 Bg7 7. O-O O-O 8. Be3
Nc6 9. Qd2 Ng4 10. Bxg4 Bxg4 11. Nd5 Rc8 12. c4 Be6 13. b3 Re8 14. Rfe1 a6 15.
a4 Bxd5 16. exd5 Nxd4 17. Bxd4 Bxd4 18. Qxd4 e5 19. dxe6 Rxe6 20. h3 Qe7 21.
Rxe6 Qxe6 22. Qd3 Rc6 23. Rd1 Rb6 24. a5 Rc6 25. Qd4 Qe5 26. Qxe5 dxe5 27. Rd5
Re6 28. c5 Kf8 29. Kf1 Ke7 30. Ke2 f6 31. Ke3 Rc6 32. b4 Rc7 33. Ke4 Rc6 34. Kd3
Re6 35. Kc4 f5 36. Kd3 h6 37. Ke3 Ke8 38. g4 Ke7 39. f3 Ke8 40. Rd1 Ke7 41. Rd5
Ke8 42. Rd2 Ke7 43. Rd1 Ke8 44. h4 e4 45. gxf5 gxf5 46. Rd4 exf3+ 47. Kxf3 Rg6
48. Rd6 Rg4 49. Rb6 Rxh4 50. Rxb7 Kd8 51. b5 1-0

[Event "Reykjavik Open 2013"]
[Site "Reykjavik ISL"]
[Date "2013.02.26"]
[Round "9.25"]
[White "Kveinys, Aloyzas"]
[Black "Andreasen, Per Naesby"]
[Result "1-0"]
[WhiteTitle "GM"]
[BlackTitle "FM"]
[WhiteElo "2533"]
[BlackElo "2302"]
[WhiteFideId "12800040"]
[BlackFideId "1400886"]
[EventDate "2013.02.19"]

1. d4 d6 2. Nf3 Bg4 3. c4 c6 4. e4 Nd7 5. Be2 Ngf6 6. Nc3 e5 7. Be3 Be7 8. O-O
O-O 9. Qc2 Re8 10. Rfd1 Qc7 11. Rab1 Bf8 12. b4 Bh5 13. d5 cxd5 14. Nxd5 Nxd5
15. Rxd5 Nf6 16. Rdd1 Bg6 17. Bd3 d5 18. Nd2 dxe4 19. Nxe4 Ng4 20. c5 Nxe3 21.
fxe3 a5 22. a3 axb4 23. axb4 Red8 24. Nc3 Bxd3 25. Rxd3 Rxd3 26. Qxd3 Ra3 27.
Qc4 Qc6 28. Nd5 b5 29. Qe4 Qe6 30. Rf1 g6 31. Rf6 Qc8 32. h3 Ra1+ 33. Kh2 Rc1
34. Rb6 1-0

[Event "Reykjavik Open 2013"]
[Site "Reykjavik ISL"]
[Date "2013.02.26"]
[Round "9.27"]
[White "Gislason, Gudmundur"]
[Black "Williams, Simon K"]
[Result "0-1"]
[WhiteTitle "FM"]
[BlackTitle "GM"]
[WhiteElo "2329"]
[BlackElo "2498"]
[WhiteFideId "2300559"]
[BlackFideId "404454"]
[EventDate "2013.02.19"]

1. d4 Nf6 2. Nf3 g6 3. g3 Bg7 4. Bg2 O-O 5. O-O d6 6. b3 c6 7. Bb2 Qa5 8. h3 Qh5
9. g4 Bxg4 10. hxg4 Nxg4 11. Qd3 e5 12. Rd1 f5 13. dxe5 dxe5 14. Qd6 Na6 15. Na3
Rae8 16. Nc4 f4 17. Qa3 e4 18. Rd7 Bxb2 19. Qxb2 Nf6 20. Rxb7 exf3 21. exf3 Nc5
22. Rxa7 Nce4 23. Qd4 c5 24. Qd3 Rd8 25. Qf1 Ng5 26. Ne5 Rd5 27. Qc4 Kh8 28. Re1
Rxe5 29. Rxe5 Nxf3+ 30. Bxf3 Qxe5 31. Qe2 Qxe2 32. Bxe2 g5 33. Bf3 g4 34. Ra8
Kg7 35. Rxf8 Kxf8 36. Be2 Ke7 37. a4 Kd6 38. c3 h5 39. b4 Nd5 40. bxc5+ Kxc5 41.
a5 f3 42. Bd3 Nf4 43. Bf5 Kb5 44. Kh2 Ne2 45. Kh1 Kxa5 46. Bg6 Nf4 47. Bf7 h4 0-1

[Event "Reykjavik Open 2013"]
[Site "Reykjavik ISL"]
[Date "2013.02.26"]
[Round "9.29"]
[White "Prosviriakov, Vladimir"]
[Black "Smith, Axel"]
[Result "1/2-1/2"]
[WhiteTitle "IM"]
[BlackTitle "IM"]
[WhiteElo "2297"]
[BlackElo "2485"]
[WhiteFideId "2004860"]
[BlackFideId "1707930"]
[EventDate "2013.02.19"]

1. d4 Nf6 2. Nf3 g6 3. Bf4 Bg7 4. e3 d6 5. Be2 O-O 6. h3 c5 7. c3 Qb6 8. Qb3 Qc7
9. Nbd2 Be6 10. Qc2 cxd4 11. exd4 Nc6 12. O-O Nd5 13. Be3 Rac8 14. Qe4 Nxe3 15.
Qxe3 Bd5 16. c4 Bxf3 17. Nxf3 Qb6 18. Rfd1 Qxb2 19. Rdb1 Qc2 20. Rxb7 Nxd4 21.
Nxd4 Bxd4 22. Qxd4 Qxe2 23. Qxa7 Rfe8 24. Rc7 Ra8 25. Qe3 Qxe3 26. fxe3 Rac8 27.
Rxc8 Rxc8 28. Rc1 Kf8 29. Kf2 Ke8 30. Ke2 Kd7 31. a4 Rb8 32. Kd3 Kc6 33. a5 Rb3+
34. Rc3 Rb2 35. Ra3 Kb7 36. g4 Rh2 37. Rb3+ Ka7 38. c5 dxc5 39. Rc3 Rxh3 40.
Rxc5 Kb7 41. a6+ Kxa6 42. Rc7 Rg3 43. Rxe7 Rxg4 44. Rxf7 h5 45. Rc7 h4 46. e4
Kb6 47. Rc1 h3 48. e5 h2 49. Rh1 Rh4 50. Ke3 Kc6 51. Kf3 Rh5 52. Kg3 Kd5 53.
Rxh2 Rg5+ 54. Kf3 Kxe5 55. Ra2 Rg1 56. Ra5+ Kf6 57. Kf2 Rg4 58. Kf3 Rb4 59. Kg3
g5 60. Ra6+ Kf5 61. Ra5+ Kg6 62. Ra8 Rb3+ 63. Kg4 Rb4+ 64. Kg3 Rb3+ 65. Kg4 Rb4+ 1/2-1/2

[Event "Reykjavik Open 2013"]
[Site "Reykjavik ISL"]
[Date "2013.02.26"]
[Round "9.30"]
[White "Huang, Qian"]
[Black "Ekeberg, Carl Fredrik"]
[Result "1-0"]
[WhiteTitle "WGM"]
[BlackTitle "FM"]
[WhiteElo "2478"]
[BlackElo "2274"]
[WhiteFideId "8602689"]
[BlackFideId "1502654"]
[EventDate "2013.02.19"]

1. Nf3 c5 2. c4 Nc6 3. Nc3 e5 4. d3 g6 5. g3 Bg7 6. Bg2 d6 7. O-O Nge7 8. Ne1
Be6 9. Nc2 d5 10. cxd5 Nxd5 11. Ne4 b6 12. Ng5 Bc8 13. Ne3 Nde7 14. a3 h6 15.
Ne4 f5 16. Nc3 Be6 17. b4 Rb8 18. bxc5 bxc5 19. Rb1 Rxb1 20. Nxb1 O-O 21. Nd2
Nd4 22. Bb2 Qd7 23. Nec4 Bd5 24. Bxd5+ Qxd5 25. Bxd4 cxd4 26. Qa4 Qa8 27. Qd7
Nc6 28. Rb1 Qc8 29. Qxc8 Rxc8 30. Rb7 Bf6 31. Nd6 Rb8 32. Rc7 Ne7 33. Rxa7 Nd5
34. N6c4 Nc3 35. Kf1 e4 36. Ra6 Kg7 37. Rb6 Ra8 38. Nd6 Be7 39. N2c4 Bf6 40.
Rb7+ Kg8 41. Rc7 Bg7 42. Rc8+ Rxc8 43. Nxc8 Kf7 44. N8b6 Ke7 45. a4 Kd8 46. a5
Kc7 47. h4 Bf8 48. a6 Nb5 49. Nd5+ Kb8 50. Ne5 Ka7 51. Nxg6 Ba3 52. Nde7 Nd6 53.
dxe4 fxe4 54. Nc6+ Kxa6 55. Nxd4 Bb2 56. Ne6 Kb6 57. Kg2 Kc6 58. Ngf4 Kd7 59.
Kh3 Ke7 60. Kg4 Bc3 61. Nd5+ Kxe6 62. Nxc3 Ke5 63. Kh5 Kd4 64. Nd1 Kc4 65. Kxh6
Kb3 66. Ne3 Kc3 67. Kg6 Kd2 68. h5 Kxe2 69. h6 Kxf2 70. h7 Kxe3 71. h8=Q Nb5 72.
Qb2 1-0

[Event "Reykjavik Open 2013"]
[Site "Reykjavik ISL"]
[Date "2013.02.26"]
[Round "9.31"]
[White "Tan, Zhongyi"]
[Black "Borsos, Bogdan"]
[Result "1-0"]
[WhiteTitle "WGM"]
[BlackTitle "IM"]
[WhiteElo "2466"]
[BlackElo "2260"]
[WhiteFideId "8603642"]
[BlackFideId "14100568"]
[EventDate "2013.02.19"]

1. d4 Nf6 2. c4 e6 3. g3 c5 4. Nf3 cxd4 5. Nxd4 Nc6 6. Bg2 Qb6 7. Nb5 Bc5 8. O-O
O-O 9. N1c3 Qd8 10. Bf4 a6 11. Bd6 Bxd6 12. Nxd6 Rb8 13. Qd2 Qe7 14. Nde4 Ne5
15. Qf4 Ng6 1-0

[Event "Reykjavik Open 2013"]
[Site "Reykjavik ISL"]
[Date "2013.02.26"]
[Round "9.33"]
[White "Kjartansson, Gudmundur"]
[Black "Bjerke, Richard"]
[Result "1-0"]
[WhiteTitle "IM"]
[BlackTitle "FM"]
[WhiteElo "2430"]
[BlackElo "2131"]
[WhiteFideId "2301318"]
[BlackFideId "1500252"]
[EventDate "2013.02.19"]

1. Nf3 Nf6 2. c4 e6 3. g3 b6 4. Bg2 Bb7 5. d4 Be7 6. O-O O-O 7. Re1 d5 8. cxd5
exd5 9. Nc3 Na6 10. Bf4 c5 11. Rc1 h6 12. a3 Ne4 13. dxc5 Naxc5 14. Nd4 g5 15.
Be3 Qd7 16. b4 Nxc3 17. Rxc3 Ne4 18. Rd3 Rac8 19. Qb3 a5 20. bxa5 bxa5 21. Nf5
a4 22. Nxh6+ Kg7 23. Nf5+ Kg8 24. Rxd5 axb3 25. Rxd7 Bxa3 26. Rxb7 b2 27. Bxe4
Rc1 28. Bxc1 1-0

[Event "Reykjavik Open 2013"]
[Site "Reykjavik ISL"]
[Date "2013.02.26"]
[Round "9.34"]
[White "Tari, Aryan"]
[Black "Mikkelsen, Nikolaj"]
[Result "1-0"]
[BlackTitle "IM"]
[WhiteElo "2263"]
[BlackElo "2421"]
[WhiteFideId "1510045"]
[BlackFideId "1407970"]
[EventDate "2013.02.19"]

1. e4 c5 2. Nf3 Nc6 3. d4 cxd4 4. Nxd4 Nf6 5. Nc3 d6 6. Bg5 e6 7. Qd2 a6 8.
O-O-O Bd7 9. f4 b5 10. Bxf6 gxf6 11. Kb1 b4 12. Nce2 Qb6 13. Nxc6 Bxc6 14. f5 e5
15. Ng3 Qc5 16. Be2 a5 17. Nh5 Ke7 18. Bf3 a4 19. h4 Rg8 20. g4 b3 21. cxb3 axb3
22. Rc1 Qb6 23. a3 Rxg4 24. Rhd1 Bb7 25. Bxg4 Bxe4+ 26. Ka1 d5 27. Nxf6 Qxf6 28.
Qb4+ Ke8 29. Qb5+ Kd8 30. Rxd5+ 1-0

[Event "Reykjavik Open 2013"]
[Site "Reykjavik ISL"]
[Date "2013.02.26"]
[Round "9.35"]
[White "Thompson, Ian D"]
[Black "Li, Wenliang"]
[Result "0-1"]
[WhiteTitle "FM"]
[BlackTitle "IM"]
[WhiteElo "2260"]
[BlackElo "2411"]
[WhiteFideId "405205"]
[BlackFideId "8600490"]
[EventDate "2013.02.19"]

1. c4 e6 2. Nc3 d5 3. d4 Bb4 4. Nf3 Nf6 5. Bg5 Nbd7 6. e3 c5 7. cxd5 exd5 8. Be2
Qa5 9. O-O Bxc3 10. bxc3 c4 11. Bxf6 Nxf6 12. Qc2 O-O 13. Nd2 Re8 14. Bf3 Bd7
15. Rfe1 Ba4 16. Qb2 Bc6 17. g3 Re7 18. Bg2 Rae8 19. a3 Qc7 20. Rab1 g6 21. Qb4
Kg7 22. Qc5 b6 23. Qb4 Bd7 24. a4 Bf5 25. Rb2 h5 26. Ra1 Rb8 27. a5 b5 28. a6
Re6 29. Ra5 Qc8 30. Rxb5 Rxb5 31. Qxb5 Rb6 32. Qxb6 axb6 33. Rxb6 Qc7 34. Rb7
Qc6 35. Ra7 Bc8 36. e4 Bxa6 37. exd5 Qb6 38. Re7 Bb7 39. Re5 Qb2 40. Nxc4 Qxc3
41. Ne3 Qa1+ 42. Bf1 Qxd4 43. Re7 Qb4 44. d6 Nd5 45. Bc4 Nxe7 0-1

[Event "Reykjavik Open 2013"]
[Site "Reykjavik ISL"]
[Date "2013.02.26"]
[Round "9.36"]
[White "Diermair, Andreas"]
[Black "Wang, Yiye"]
[Result "1/2-1/2"]
[WhiteTitle "IM"]
[WhiteElo "2407"]
[BlackElo "2226"]
[WhiteFideId "1612468"]
[BlackFideId "8606021"]
[EventDate "2013.02.19"]

1. d4 Nf6 2. c4 e5 3. dxe5 Ng4 4. Bf4 Nc6 5. Nf3 Bb4+ 6. Nc3 Bxc3+ 7. bxc3 Qe7
8. Qd5 Qa3 9. Rc1 f6 10. exf6 Nxf6 11. Qd2 O-O 12. g3 d6 13. Bg2 Qc5 14. Nd4
Qxc4 15. O-O Re8 16. Rfe1 Ne5 17. Nb3 Qf7 18. c4 Nxc4 19. Qc3 d5 20. e4 c6 21.
exd5 Rxe1+ 22. Rxe1 cxd5 23. Na5 Nxa5 24. Qxa5 Bd7 25. Qc5 Ne4 26. Qd4 Bc6 27.
f3 Nf6 28. Bh3 Re8 29. Rxe8+ Qxe8 30. Qxa7 Qe1+ 31. Kg2 d4 32. Qxd4 Qe2+ 33. Qf2
Bxf3+ 34. Kg1 Qd1+ 35. Qf1 Qd4+ 36. Qf2 Qd1+ 37. Qf1 Qd4+ 38. Qf2 1/2-1/2

[Event "Reykjavik Open 2013"]
[Site "Reykjavik ISL"]
[Date "2013.02.26"]
[Round "9.38"]
[White "Ptacnikova, Lenka"]
[Black "Maze, Sebastien"]
[Result "0-1"]
[WhiteTitle "WGM"]
[BlackTitle "GM"]
[WhiteElo "2269"]
[BlackElo "2556"]
[WhiteFideId "305650"]
[BlackFideId "613762"]
[EventDate "2013.02.19"]

1. c4 Nf6 2. g3 g6 3. Bg2 Bg7 4. Nc3 O-O 5. e4 c5 6. Nge2 Nc6 7. d3 Ne8 8. Be3
Nd4 9. O-O Nc7 10. Qd2 d6 11. Rab1 a5 12. b3 Bd7 13. a4 Bc6 14. Nf4 e6 15. h4 h6
16. Rfd1 Kh7 17. Kh2 Ne8 18. Kg1 Nf6 19. Bxd4 cxd4 20. Nb5 Bxb5 21. axb5 Nd7 22.
Ra1 Nc5 23. Ra3 b6 24. Rda1 Rc8 25. b4 axb4 26. Qxb4 g5 27. hxg5 hxg5 28. Nh5 g4
29. Nxg7 Kxg7 30. Qd2 Qf6 31. Qd1 Qg6 32. Ra7 Rfd8 33. R1a3 Rd7 34. Ra8 Rxa8 35.
Rxa8 Qg5 36. Qe2 Re7 37. Qb2 e5 38. Bf1 Re6 39. Qc2 Rh6 40. Qd1 Qh5 41. Bg2 Ne6
42. Kf1 Ng5 43. Ke1 Rf6 44. Qe2 Qh2 45. Qf1 Qh6 46. Kd1 Nf3 47. Ra2 Qg5 48. Qe2
Qh5 49. Qf1 Qh8 50. Ra6 Qc8 51. Qe2 Ng1 52. Qe1 Nh3 53. Ra2 Ng5 54. Qd2 Rg6 55.
Ra7 Ne6 56. Qb4 Nc5 57. Qd2 Qh8 58. Ke2 Ne6 59. Qc1 Rh6 60. Qa3 Rf6 61. Qc1 Qh5
62. Ra8 Ng5 63. Ra2 Nh3 64. Kf1 Ng5 65. Ke2 Ne6 66. Ra8 Nc5 67. Ra3 Rh6 68. Ra8
Qg6 69. Ra3 Rh2 70. Qg1 Qh6 71. Kd1 Ne6 72. Ra6 Ng5 73. Ra2 Nf3 74. Qf1 Rxg2 75.
Qxg2 Qh3 0-1

[Event "Reykjavik Open 2013"]
[Site "Reykjavik ISL"]
[Date "2013.02.26"]
[Round "9.39"]
[White "Hambleton, Aman"]
[Black "Jayakumar, Adarsh"]
[Result "1-0"]
[WhiteTitle "FM"]
[BlackTitle "FM"]
[WhiteElo "2472"]
[BlackElo "2271"]
[WhiteFideId "2606577"]
[BlackFideId "5026520"]
[EventDate "2013.02.19"]

1. d4 d5 2. c4 e6 3. Nc3 c6 4. e3 f5 5. g4 Nf6 6. gxf5 exf5 7. Qb3 Bd6 8. cxd5
cxd5 9. Bg2 Be6 10. Qxb7 Nbd7 11. Qc6 Ke7 12. Bd2 Rb8 13. Nge2 Rxb2 14. Nb5 Qb8
15. Nxd6 Qxd6 16. Qxd6+ Kxd6 17. Bc1 Rc2 18. Ba3+ Kc6 19. Nf4 Bf7 20. O-O Rc8
21. Rfb1 Ne4 22. Bf1 Nd2 23. Rc1 Rxc1 24. Rxc1+ Nc4 25. Bg2 Nb6 26. Bc5 Kd7 27.
h4 Nd6 28. Rc3 Na4 29. Ra3 Nxc5 30. dxc5 Rxc5 31. Rxa7+ Kd8 32. a4 h6 33. h5 Ke8
34. a5 Nc8 35. Ra8 Kd7 36. Nd3 Rc3 37. Ne5+ Ke6 38. Ra6+ Ke7 39. Nxf7 Kxf7 40.
Bxd5+ Ke7 41. Rg6 Kf8 42. Rc6 Rxc6 43. Bxc6 Ke7 44. Bb7 Na7 45. Kg2 Kf6 46. Kg3
Kg5 47. Bf3 Nb5 48. a6 Na7 49. Bd1 Nb5 50. Ba4 Na7 51. Be8 Nc8 52. f4+ Kf6 53.
Bg6 Na7 1-0

[Event "Reykjavik Open 2013"]
[Site "Reykjavik ISL"]
[Date "2013.02.26"]
[Round "9.40"]
[White "Schou-Moldt, Thomas"]
[Black "Hagen, Andreas Skytte"]
[Result "1/2-1/2"]
[BlackTitle "IM"]
[WhiteElo "2236"]
[BlackElo "2411"]
[WhiteFideId "1401297"]
[BlackFideId "1407341"]
[EventDate "2013.02.19"]

1. e4 e5 2. Nf3 Nc6 3. Bc4 Bc5 4. c3 Nf6 5. d3 O-O 6. Bb3 d5 7. Qe2 h6 8. h3 Re8
9. g4 dxe4 10. dxe4 Be6 11. Bc2 Nh7 12. Nbd2 Qf6 13. Nf1 Bc4 14. Qxc4 Qxf3 15.
Rh2 Bb6 16. Qe2 Qf6 17. h4 Ne7 18. g5 hxg5 19. h5 Nf8 20. Bb3 Kh7 21. Rg2 Ne6
22. Nh2 Nf4 23. Bxf4 Qxf4 24. Nf3 g4 25. Nd2 Rad8 26. O-O-O Ng8 27. Rxg4 Qxf2
28. Qxf2 Bxf2 29. Bxf7 Re7 30. Bxg8+ Kxg8 31. Nf1 Rf8 32. h6 Rf4 33. Rd8+ Kh7
34. Rxg7+ Rxg7 35. hxg7 Kxg7 36. Nd2 Be3 37. Kd1 Bxd2 38. Rxd2 1/2-1/2

[Event "Reykjavik Open 2013"]
[Site "Reykjavik ISL"]
[Date "2013.02.26"]
[Round "9.41"]
[White "Handler, Lukas"]
[Black "Omarsson, Dadi"]
[Result "1/2-1/2"]
[WhiteTitle "FM"]
[WhiteElo "2369"]
[BlackElo "2212"]
[WhiteFideId "1609580"]
[BlackFideId "2302772"]
[EventDate "2013.02.19"]

1. d4 Nf6 2. c4 g6 3. Nc3 Bg7 4. e4 d6 5. Nf3 O-O 6. Be2 e5 7. O-O Nbd7 8. Be3
Re8 9. Qc2 exd4 10. Nxd4 c6 11. Rfe1 a6 12. Rad1 Qc7 13. Bf4 Nc5 14. Bf3 Nfd7
15. Nb3 Ne5 16. Be2 Be6 17. Nxc5 dxc5 18. Bg3 Qa5 19. Na4 Rad8 20. b3 Nd7 21.
Bd6 Bd4 22. a3 b5 23. cxb5 cxb5 24. Bxc5 Bxb3 25. Qxb3 Bxc5 26. Nxc5 Nxc5 27.
Qb4 Qxb4 28. axb4 Rxd1 29. Bxd1 Nd3 30. Re3 Nxb4 31. g3 Rd8 32. Be2 Rd2 33. Bf1
Rc2 34. Rb3 Nc6 35. Ra3 Nb8 36. f4 Kf8 37. h4 Ke7 38. e5 Rc6 39. Bg2 Rb6 40. Rc3
Kd8 41. Bd5 b4 42. Rc1 f6 43. Bb3 fxe5 44. fxe5 Nc6 45. Rc5 Kc7 46. e6 Kd8 47.
Rd5+ Ke8 48. Rd6 Ke7 49. Rd7+ Ke8 50. Rxh7 Nd4 51. Ba4+ Nb5 52. Ra7 b3 53. Ra8+
Ke7 54. Bxb3 Nc7 55. Rc8 Rxb3 56. Rxc7+ Kxe6 57. Rc6+ Kf7 58. Kg2 a5 59. Kh3 Rb4
60. Ra6 a4 61. Kg2 Kg7 62. Kf3 Kf7 63. g4 Kg7 64. Ra7+ Kg8 65. Kg3 Rc4 66. h5
gxh5 67. gxh5 1/2-1/2

[Event "Reykjavik Open 2013"]
[Site "Reykjavik ISL"]
[Date "2013.02.26"]
[Round "9.42"]
[White "Bergthorsson, Jon Thor"]
[Black "Miedema, David"]
[Result "1-0"]
[BlackTitle "IM"]
[WhiteElo "2125"]
[BlackElo "2364"]
[WhiteFideId "2302829"]
[BlackFideId "1018477"]
[EventDate "2013.02.19"]

1. d4 e6 2. c4 Nf6 3. Nf3 d5 4. e3 Be7 5. b3 O-O 6. Bd3 b6 7. O-O Bb7 8. Bb2
Nbd7 9. Nc3 c5 10. Rc1 Rc8 11. Qe2 Ne4 12. Rfd1 Ndf6 13. Ne5 Nxc3 14. Bxc3 Rc7
15. a4 Qa8 16. f4 dxc4 17. bxc4 Ne4 18. Bb2 Bh4 19. Rf1 Bf6 20. Ng4 Be7 21. f5
Bg5 22. d5 exd5 23. Bxe4 dxe4 24. f6 Rd8 25. Rf5 h6 26. fxg7 Qc8 27. Rxg5 Rc6
28. Rh5 Kh7 29. Bf6 Rxf6 30. Nxf6+ Kxg7 31. Rf1 Bc6 32. Qf2 Qc7 33. Qh4 Rh8 34.
Ng4 Qd6 35. Rxh6 Rxh6 36. Qxh6+ Qxh6 37. Nxh6 Kxh6 38. Rf6+ 1-0

[Event "Reykjavik Open 2013"]
[Site "Reykjavik ISL"]
[Date "2013.02.26"]
[Round "9.43"]
[White "L'Ami, Alina"]
[Black "Valenti, Giuseppe"]
[Result "1-0"]
[WhiteTitle "WGM"]
[BlackTitle "FM"]
[WhiteElo "2362"]
[BlackElo "2204"]
[WhiteFideId "1210246"]
[BlackFideId "801119"]
[EventDate "2013.02.19"]

1. d4 Nf6 2. c4 e6 3. Nc3 c5 4. d5 exd5 5. cxd5 d6 6. e4 g6 7. f4 Bg7 8. Bb5+
Nfd7 9. Nf3 O-O 10. O-O a6 11. Bd3 b5 12. Kh1 Re8 13. f5 c4 14. Bc2 Nc5 15. Ng5
Ra7 16. Qf3 Qf6 17. Nh3 h6 18. Nf2 b4 19. Ng4 Qh4 20. g3 Qe7 21. Bxh6 Bh8 22. e5
bxc3 23. fxg6 Nd3 24. Bxd3 cxd3 25. Qxd3 1-0

[Event "Reykjavik Open 2013"]
[Site "Reykjavik ISL"]
[Date "2013.02.26"]
[Round "9.44"]
[White "Drill, Frank"]
[Black "Kislik, Erik Andrew"]
[Result "1-0"]
[BlackTitle "IM"]
[WhiteElo "2124"]
[BlackElo "2359"]
[WhiteFideId "4609387"]
[BlackFideId "2022702"]
[EventDate "2013.02.19"]

1. e4 e6 2. d4 d5 3. Nc3 Nf6 4. Bg5 Be7 5. e5 Nfd7 6. h4 h6 7. Bxe7 Qxe7 8. Qg4
O-O 9. O-O-O a6 10. f4 c5 11. Nf3 Nc6 12. dxc5 Nxc5 13. Bd3 f5 14. Qg6 Bd7 15.
Ng5 hxg5 16. hxg5 Nxd3+ 17. Rxd3 Qe8 18. Qh7+ Kf7 19. g6+ Ke7 20. Qh4+ Rf6 21.
exf6+ gxf6 22. Re1 Nb4 23. Rd4 a5 24. a3 Qxg6 25. axb4 axb4 26. Nxd5+ Kf7 27.
Nb6 Ra1+ 28. Kd2 Bb5 29. Rxa1 Qxg2+ 30. Kc1 Qg1+ 31. Rd1 Qe3+ 32. Kb1 1-0

[Event "Reykjavik Open 2013"]
[Site "Reykjavik ISL"]
[Date "2013.02.26"]
[Round "9.45"]
[White "Kashlinskaya, Alina"]
[Black "Johansen, Stian"]
[Result "1/2-1/2"]
[WhiteTitle "WGM"]
[WhiteElo "2350"]
[BlackElo "2090"]
[WhiteFideId "4198026"]
[BlackFideId "1508121"]
[EventDate "2013.02.19"]

1. d4 Nf6 2. c4 c5 3. d5 b5 4. cxb5 a6 5. bxa6 g6 6. Nc3 Bxa6 7. Nf3 d6 8. g3
Bg7 9. Bg2 O-O 10. O-O Nfd7 11. Qc2 Nb6 12. Rd1 Nc4 13. Nd2 Nd7 14. Nxc4 Bxc4
15. Bd2 Ba6 16. b3 Qb6 17. Rab1 Rfb8 18. h3 Qa7 19. e4 Bd4 20. Be1 Ne5 21. a4
Rb7 22. Kh2 Rab8 23. f4 Bd3 24. Rxd3 Nxd3 25. Qxd3 Rxb3 26. Rxb3 Rxb3 27. Qc2
Bxc3 28. Qxb3 Bxe1 29. e5 c4 30. Qxc4 Qe3 31. g4 Bg3+ 32. Kh1 Bxf4 33. exd6 exd6
34. a5 Qg3 35. Kg1 Be3+ 36. Kh1 Qe1+ 37. Qf1 Qxa5 38. Qd3 Qe1+ 39. Qf1 Qd2 40.
Qf3 Bf4 41. Qf1 Be5 42. Qf3 Qe1+ 43. Bf1 Kg7 44. Qe2 Qg3 45. Qg2 Qf4 46. Qe2 Kh6
47. Qg2 Kg5 48. Qe2 Kh4 49. Qe1+ Qg3 50. Qd2 Bf4 51. Qe2 Be3 52. Bg2 Qf2 53.
Qxf2+ Bxf2 54. Kh2 Bg3+ 55. Kg1 Be5 56. Kf2 Bd4+ 57. Kf3 h5 58. Bf1 g5 59. gxh5
Kxh5 1/2-1/2

[Event "Reykjavik Open 2013"]
[Site "Reykjavik ISL"]
[Date "2013.02.26"]
[Round "9.46"]
[White "Saemundsson, Bjarni"]
[Black "Bewersdorff, Oliver"]
[Result "0-1"]
[BlackTitle "FM"]
[WhiteElo "1935"]
[BlackElo "2335"]
[WhiteFideId "2302900"]
[BlackFideId "4602897"]
[EventDate "2013.02.19"]

1. e4 c5 2. Nc3 Nc6 3. f4 g6 4. Nf3 Bg7 5. Bb5 Nd4 6. O-O a6 7. Bc4 e6 8. a4 Ne7
9. d3 b6 10. Ne2 d5 11. Nfxd4 dxc4 12. Nf3 Bb7 13. Nc3 O-O 14. Qe2 cxd3 15. cxd3
Nc6 16. Be3 Nd4 17. Bxd4 Bxd4+ 18. Nxd4 Qxd4+ 19. Kh1 Rad8 20. Rad1 Rd7 21. Rf3
Bc6 22. Qc2 Rfd8 23. h3 Qb4 24. b3 f5 25. Re3 Qd4 26. Rde1 Rd6 27. Kh2 e5 28.
fxe5 Qxe5+ 29. Kh1 f4 30. Rf3 Rf8 31. Ne2 a5 32. Qc4+ Kg7 33. Qc3 Qxc3 34. Nxc3
g5 35. Ref1 Rfd8 36. Rd1 Rd4 37. g3 Bxe4 38. dxe4 Rxd1+ 39. Nxd1 Rxd1+ 40. Kg2
Rd2+ 41. Kf1 fxg3 42. Rxg3 Kf6 43. Ke1 Rd4 44. e5+ Kf5 45. Ke2 Re4+ 46. Kd3 Rxe5
47. Kc4 Re4+ 48. Kd5 Rd4+ 49. Kc6 Rb4 50. Kc7 h5 51. Rf3+ Kg6 52. Rg3 h4 53. Rf3
g4 54. hxg4 Kg5 55. Rc3 Kxg4 56. Rc4+ Rxc4 57. bxc4 h3 58. Kxb6 h2 59. Kxc5 h1=Q
60. Kb5 Qa8 0-1

[Event "Reykjavik Open 2013"]
[Site "Reykjavik ISL"]
[Date "2013.02.26"]
[Round "9.47"]
[White "Muir, Andrew J"]
[Black "Sverrisson, Nokkvi"]
[Result "1-0"]
[WhiteTitle "IM"]
[WhiteElo "2313"]
[BlackElo "1990"]
[WhiteFideId "2400138"]
[BlackFideId "2304376"]
[EventDate "2013.02.19"]

1. d4 Nf6 2. c4 c5 3. d5 e6 4. Nc3 exd5 5. cxd5 d6 6. e4 g6 7. f4 Bg7 8. Bb5+
Nfd7 9. a4 O-O 10. Nf3 Na6 11. O-O Nb4 12. Re1 a6 13. Bf1 Re8 14. Bd2 Nf6 15. h3
Nh5 16. Kh2 f5 17. e5 Bh6 18. g3 dxe5 19. fxe5 f4 20. g4 Ng3 21. Bc4 Rb8 22. a5
g5 23. Qb3 Bg7 24. Na4 Qxa5 25. d6+ Kh8 26. Nxg5 b5 27. Nxc5 bxc4 28. Qxc4 Be6
29. Ngxe6 Qb6 30. Nxg7 Kxg7 31. Bxf4 Rbc8 32. Rac1 1-0